| 000 | 00703nam a2200241Ia 4500 | ||
|---|---|---|---|
| 003 | OSt | ||
| 005 | 20220924134541.0 | ||
| 006 | a|||||r|||| 00| 0 | ||
| 007 | ta | ||
| 008 | 220923b |||||||| |||| 00| 0 urd d | ||
| 020 | _c212.5 | ||
| 024 | _a276556 | ||
| 037 |
_b5534/9, 06/03/2009, Modern Publishing House _cTextual |
||
| 040 |
_aARTS _cARTS _burd |
||
| 041 |
_2urd _aurd |
||
| 082 | _a4,45, 168P8 | ||
| 100 |
_aShadab Zubair _9208659 |
||
| 245 | 0 | _aRadio nashriyaat : Taarikhi, asnaaf aur peshkash | |
| 260 | _c2009 | ||
| 650 |
_aJOUNRALISM _93876 |
||
| 942 |
_h4,45, 168P8 _cTEXL _2CC |
||
| 999 |
_c437753 _d437753 |
||